K CHARAKTERISTIKE SLOVNEJ ZÁSOBY A TERMINOLÓGIE U BERNOLÁKA

Bibliographic Details
Main Author: Habovštiaková, Katarína, 1929-2016 (Author)
Format: Article
Language:Slovak

MARC

LEADER 00000nab a22000007a 4500
001 vtls010673694
003 SK-MaSNL
005 20260304184518.0
008 250708s1962 xo |||||||||||||||||slo|
035 |a (urnnbn)urn:nbn:sk:snk:ar-a06iyf 
035 |a (uuid)00d7a330-bfe8-43d2-bbee-0fd4967b3525 
035 |a urn:nbn:sk:snk-ab19fn 
040 |a SNKBUCL  |b slo  |c SNKBUCL  |e AACR2 
041 0 |a slo 
044 |a xo  |c SK 
100 1 |a Habovštiaková, Katarína,  |d 1929-2016  |4 aut  |9 104315 
245 1 0 |a K CHARAKTERISTIKE SLOVNEJ ZÁSOBY A TERMINOLÓGIE U BERNOLÁKA  |c Katarína Habovštiaková 
773 0 |t Československý terminologický časopis : orgán Československej ústrednej terminologickej komisie pri Prezídiu ČSAV  |g Roč. 1, č. 6 (1962), s. 321-331 
850 |a Slovenská národná knižnica 
852 |a Slovenská národná knižnica 
954 |a odborná, vedecká literatúra pôvodná (slovenská)  |2 lita 
958 |a article 
958 |a OND 
958 |a EUIPO 
999 |c 3038579  |d 3040509